Κριτική της πολιτικής οικονομίας
Αποθηκεύτηκε σε:
| Κύριος συγγραφέας: | |
|---|---|
| Μορφή: | Βιβλίο |
| Γλώσσα: | Greek |
| Δημοσίευση: |
Αθήναι :
Οικονομική και Φιλοσοφική Βιβλιοθήκη,
[1956]
|
| Θέματα: | |
| Ετικέτες: |
Προσθήκη ετικέτας
Δεν υπάρχουν, Καταχωρήστε ετικέτα πρώτοι!
|
MARC
| LEADER | 00000cam a2200000 i 4500 | ||
|---|---|---|---|
| 001 | 1/47327 | ||
| 008 | 980626s1956 gr | ||| |||| ||gre|| | ||
| 035 | |l 10043034 | ||
| 035 | |l 10025754 | ||
| 040 | |a GR-MyUa |b gre |e AACR2 | ||
| 041 | 0 | |a gre | |
| 082 | 7 | |a 335.412 |2 (22) | |
| 100 | 1 | |a Marx, Karl, |d 1818-1883. | |
| 245 | 1 | 0 | |a Κριτική της πολιτικής οικονομίας / |c Κ. Μάρξ. |
| 260 | |a Αθήναι : |b Οικονομική και Φιλοσοφική Βιβλιοθήκη, |c [1956] | ||
| 300 | |a 159 σ. ; |c 20 εκ. | ||
| 650 | 0 | 0 | |a Capital. |
| 650 | 0 | 0 | |a Marxian economics. |
| 650 | 0 | 0 | |a Economics. |
| 852 | |a INST |b CHIOS |e 19960425 |h 335.412 MAR |p 005200005284 |q 005200005284 |t BK |y 0 | ||
| 852 | |a INST |b SAMOS |e 19980626 |h 335.412 MAR |p 005300011049 |q 005300011049 |t BK |y 0 | ||
| 901 | |a BIBL-1998-2 | ||